Visualizzazione normale
Vista MARC
- Kubrick Stanley
di Personal Name
Records bibliografici associati: 1
001 - CONTROL NUMBER
- control field: 47255
003 - CONTROL NUMBER IDENTIFIER
- control field: IT-RoPau
005 - DATE AND TIME OF LATEST TRANSACTION
- control field: 20151201083250.0
008 - FIXED-LENGTH DATA ELEMENTS
- fixed length control field: 151201|| aca||aabn | a|a d
040 ## - CATALOGING SOURCE
- Original cataloging agency: IT-RoPau
- Transcribing agency: IT-RoPau
100 ## - HEADING--PERSONAL NAME
- Personal name: Kubrick Stanley
- Relator term: (regista)
- Miscellaneous information: Codice regista SPICS: 1549
670 ## - SOURCE DATA FOUND
- Source citation: Work cat.: (IT-RoPau)106507: Kubrick Stanley Codice regista SPICS: 1549 47253, LOLITA LOLITA (Rif. Codice opera principale : 21554)